| 000 | 00612nam a2200205 a 4500 | ||
|---|---|---|---|
| 005 | 20221118063432.0 | ||
| 008 | 991125s1992 mx 000 0 spa u | ||
| 020 | _a9682941520 | ||
| 035 | _aUPN01000000150 | ||
| 049 | _aI | ||
| 050 | 4 |
_aPZ83 _bF7.38 |
|
| 100 | 1 | _aFranca, Mary | |
| 245 | 1 | 1 |
_a¡A que te pego! / _cMary, Franca, Eliardo Franca ; tr. Noemí Avila Torres. |
| 260 |
_aMéxico : _bSEP, _c1992. |
||
| 300 |
_a[10] p. : _bil. |
||
| 650 | 4 |
_aCUENTOS INFANTILES BRASILEÑOS _912222 |
|
| 650 | 4 |
_aLectura _xEstudio y enseñanza (Elemental) _92805 |
|
| 700 | 1 |
_aFranca, Eliardo, _ecoaut. |
|
| 905 | _aInfantil | ||
| 999 |
_c150 _d150 |
||